000
00336nam a2200145Ia 4500
005
20251222153649.0
008
251222s9999||||xx |||||||||||||| ||spa||
020
_a
8479890894
082
_a
616.6/L42
100
_a
Leiva Galvis, Óscar
245
0
_a
Urología
250
_a
3ra. ed.
264
_b
Grupo Luzán 5, S. A.
942
_c
LIB
999
_c
33057
_d
33057